000 00516cam a2200181 a 4500
020 _a9782749912691
040 _cDLC
082 _a398 MIC 2010 A078 Or.
100 1 _aLachèvre, Cyrille,
245 1 0 _aChristine Lagarde :
_benquête sur la femme la plus puissante de France /
260 _aNeuilly-sur-Seine :
_bMichel Lafon,
_cc2010.
300 _a329 p. ;
_c23 cm.
650 0 _aWomen politicians
650 0 _aWomen cabinet officers
650 0 _aFinance ministers
700 1 _aVisot, Marie.
942 _cEK
999 _c15856
_d15856